More puzzles (Record no. 165845)
[ view plain ]
| 000 -LEADER | |
|---|---|
| fixed length control field | 00329nam a2200145Ia 4500 |
| 008 - FIXED-LENGTH DATA ELEMENTS--GENERAL INFORMATION | |
| fixed length control field | 231217s9999 xx 000 0 und d |
| 041 ## - LANGUAGE CODE | |
| Language code of text/sound track or separate title | English |
| 082 ## - DEWEY DECIMAL CLASSIFICATION NUMBER | |
| Classification number | 793.73 SHA |
| 100 ## - MAIN ENTRY--PERSONAL NAME | |
| Personal name | Shakuntala Devi |
| 245 #0 - TITLE STATEMENT | |
| Title | More puzzles |
| 260 ## - PUBLICATION, DISTRIBUTION, ETC. | |
| Date of publication, distribution, etc. | 1985 |
| Name of publisher, distributor, etc. | New Delhi : Orient, |
| 300 ## - PHYSICAL DESCRIPTION | |
| Extent | 199 |
| 650 ## - SUBJECT ADDED ENTRY--TOPICAL TERM | |
| Topical term or geographic name entry element | Puzzles |
| 942 ## - ADDED ENTRY ELEMENTS (KOHA) | |
| Koha item type | Books |
| Date last seen | Total checkouts | Full call number | Accession number | Cost, total (INR) price | Price effective from | Category | Public note | Lost status | Damaged status | Department | Withdrawn status | Home library | Current library | Entry date | Vendor | Cost, normal purchase price | Grants | Billnumber | Billdate | Currency symbol | Conversion rate | Discount | Old discount | Shelving location |
|---|---|---|---|---|---|---|---|---|---|---|---|---|---|---|---|---|---|---|---|---|---|---|---|---|
| 26/01/2024 | 793.73 SHA | 11599 | 34.00 | 26/01/2024 | Books | Missing 2015 | Central Library | Central Library | Central Library | 17/06/1998 | Prism Books | 40.00 | GEN | 19670 | 16/12/2000 | RS | 1 | 6 | 15 | |||||
| 26/01/2024 | 793.73 SHA;1 `R1' | 16186 | 42.50 | 26/01/2024 | Books | Missing 2015 | Central Library | Central Library | Central Library | 21/09/2000 | Vinayaka | 50.00 | GEN | 1165 | 10/09/2003 | RS | 1 | 7.5 | 15 | |||||
| 26/01/2024 | 793.73 SHA;2 | 16187 | 42.50 | 26/01/2024 | Books | repl/cs/9435 | Central Library | Central Library | Central Library | 21/09/2000 | Vinayaka | 50.00 | GEN | 1165 | 10/09/2003 | RS | 1 | 7.5 | 15 | Central Library | ||||
| 26/01/2024 | 793.73 SHA;3 | 16188 | 42.50 | 26/01/2024 | Books | repl/cs/9493 | Central Library | Central Library | Central Library | 21/09/2000 | Vinayaka | 50.00 | GEN | 1165 | 09/10/2003 | RS | 1 | 7.5 | 15 | Central Library | ||||
| 26/01/2024 | 793.73 SHA;5 | 20756 | 26/01/2024 | Books | Donated by Ameen-Emudasser | Central Library | Central Library | Central Library | 15/07/2002 | DONATED | 05/06/2012 | RS | 1 |
